000
00292nam a2200121Ia 4500
008
190216s9999||||xx |||||||||||||| ||und||
100
_a
Avadhani V A
245
0
_a
Investment And Securities Markets In India
260
_b
Kitab Mahal
_c
2001
300
_a
548
650
_a
Commerce
942
_c
BK
999
_c
6199
_d
6199